The Vīṇāvāsavadatta. (Record no. 86111)

MARC details
000 -LEADER
fixed length control field 00900cam a22002651 4500
001 - CONTROL NUMBER
control field sa 68014927
003 - CONTROL NUMBER IDENTIFIER
control field DLC
005 - DATE AND TIME OF LATEST TRANSACTION
control field 20260227112637.0
008 - FIXED-LENGTH DATA ELEMENTS--GENERAL INFORMATION
fixed length control field 900302s1962 ii b 000 0 sano
010 ## - LIBRARY OF CONGRESS CONTROL NUMBER
LC control number sa 68014927
035 ## - SYSTEM CONTROL NUMBER
System control number (OCoLC)21159993
040 ## - CATALOGING SOURCE
Original cataloging agency DLC
Transcribing agency WaU
Modifying agency DLC
050 00 - LIBRARY OF CONGRESS CALL NUMBER
Classification number PK3798
Item number .V75 1962
130 0# - MAIN ENTRY--UNIFORM TITLE
Uniform title Vīṇāvāsavadatta.
245 14 - TITLE STATEMENT
Title The Vīṇāvāsavadatta.
Statement of responsibility, etc. Rev. fuller ed. by K. V. Sarma. With a pref. by V. Raghavan.
260 ## - PUBLICATION, DISTRIBUTION, ETC.
Place of publication, distribution, etc. Madras,
Name of publisher, distributor, etc. Kuppuswami Sastri Research Institute,
Date of publication, distribution, etc. [1962]
300 ## - PHYSICAL DESCRIPTION
Extent vii, 18, 142, 3 p.
Dimensions 25 cm.
500 ## - GENERAL NOTE
General note Sometimes ascribed to Śudraka.
500 ## - GENERAL NOTE
General note A play.
500 ## - GENERAL NOTE
General note In Sanskrit; introductory matter in English.
504 ## - BIBLIOGRAPHY, ETC. NOTE
Bibliography, etc. note Bibliographical footnotes
600 00 - SUBJECT ADDED ENTRY--PERSONAL NAME
Personal name Udayana,
Titles and other words associated with a name King of Udayagiri,
Dates associated with a name active 520 B.C.-493 B.C.
Form subdivision Drama.
700 0# - ADDED ENTRY--PERSONAL NAME
Personal name Śudraka.
700 1# - ADDED ENTRY--PERSONAL NAME
Personal name Sarma, K. V.
Fuller form of name (K. Venkateswara),
Dates associated with a name 1919-2005.

No items available.

Powered by Koha